Livestreams in der ARD Mediathek - Statistiken

Allgemein
  • Dieses Quiz wurde 56 mal gespielt
  • Das Durchschnittsergebnis liegt bei 11 aus 18
Antwortstatistiken
Antwort % Korrekt
Das Erste
89%
WDR
81%
NDR Fernsehen
78%
SWR
78%
BR Fernsehen
75%
tagesschau24
69%
hr-fernsehen
67%
MDR
67%
rbb
64%
SR
56%
ONE
53%
phoenix
53%
arte
50%
ARD alpha
47%
Radio Bremen
47%
3sat
44%
KiKA
44%
Deutsche Welle
31%
Keine übereinstimmenden Quizze gefunden
Verteilung der Resultate
Anzahl Personen mit jedem Resultat
Perzentil nach korrekt beantworteten Fragen
Ihre Resultats-Entwicklung
Sie haben dieses Quiz noch nicht gespielt